Statistics for the Fortnite quiz and other things

Click here to take the quiz!

General Stats

  • This quiz has been taken 4 times
  • The average score is 2 of 5

Answer Stats

QuestionAnswer% Correct
Who is my friend and plays tig with no T?Jack and Toby
67%
What was the first skin to be released?the defaults
67%
When was Fortnite created?2017
33%
Who is the best youtuber that posts Fortnite?JonnyGTV improved
0%
who is an idiot?No-one
0%

Score Distribution

Percentile by Number Answered

Percent of People with Each Score

Your Score History

You have not taken this quiz